Quizzes
Events
Quiz Creation
Community
Videos
Private Events
Remove Ads
Sign In
Join for FREE
Feedback
Dark Mode
Quiz Categories
Sports
Geography
Music
Movies
Television
Just For Fun
Miscellaneous
History
Literature
Language
Science
Gaming
Entertainment
Religion
Holiday
For Kids
Quiz Lab
Recent
Popular Today
Quiz Kudos Today
Editor Picks
Curator Picks
Quizzes by...
Day
Popularity
Type
Ratings
Length
Year
Community
Subscriptions
Recent Discussions
Orange Saloon
Badges
Playlists
Quests
Create
Leaderboards
Showdown
Live 5
Trivia Bingo
Activity
Puzzle Library
Sporcle Events
Private Events
Virtual Trivia
Globe League
Become a Host
Pub Owners
SporcleCon
Opinionation
Our Games
Videos
Blog
Mobile Apps
Partnerships
Remove Ads and Go Orange
Feedback
Movies
Disney
Marvel Cinematic Universe
Movie Resume
Movie Titles
Oscar
Actor
Actress
Director
Pixar
Role
Movie Quotes
Movie Characters
Box Office
Nominee
Best Picture
Star Wars
James Bond
Horror Movies
Movies
Disney
Marvel Cinematic Universe
Movie Resume
Movie Titles
Oscar
Actor
Actress
Director
Pixar
Role
Movie Quotes
Movie Characters
Box Office
Nominee
Best Picture
Star Wars
James Bond
Horror Movies
Random Quiz
Search Sporcle
×
Quiz Lab
Quiz Lab
Movies
Disney
Type in answers that appear in a list
Type in answers that appear in a list
Classic
Best Score? Go Orange.
Disney Character Profile: Elsa Stats
Can you name the Disney Character Profile: Elsa?
By
trainman95
10m
53 Questions
254 Plays
254 Plays
254 Plays
Comments
Comments
Give Quiz Kudos
Give Quiz Kudos
-
- Ratings
hide this ad
More Info
Replay
Link that replays current quiz
Next Quiz
Link to next quiz in quiz playlist
You Got
0%
They Got
Avg Score
41%
Avg Friend Score
Upgrade to see
Score Distribution
Jump to the score distribution portion of the page
Score
0/53
Timer
10:00
0
Plays Today
Hint
Answer
% Correct
Eye Color
Blue
97.2%
Dress Color
Blue
97.2%
Christmas Dress Color
Dark Blue
97.2%
Travel Clothes Color
Blue
97.2%
Hair Color
White
94.8%
Current Dress Color
White
94.8%
Sister
Anna
86.9%
Brother-
in-
Law
Kristoff
79.4%
Friend
Olaf
77.8%
Dress Color (Frozen Fever)
Green
77.4%
Theme Song
Let It Go
76.6%
Former Occupation
Queen of Arendelle
73.8%
Hometown
Kingdom of Arendelle
69.8%
Friend
Sven
69.8%
1st Film Appearance
Frozen
66.7%
Mother
Queen Iduna
54.4%
Short Film
Frozen Fever
54%
Where did she build her ice palace?
The North Mountain
53.6%
Voiced by
Idina Menzel
47.2%
Where do she, Anna, Kristoff, Sven and Olaf travel to learn of the origin of her powers?
The Enchanted Forest
44.4%
Current Home
The Enchanted Forest
44.4%
Special Guest Appearance
Ralph Breaks the Internet
41.7%
2nd Theme Song
Into The Unknown
41.3%
Father
King Agnarr
40.9%
2nd Film Appearance
Frozen II
40.5%
Powers
Conjure ice & snow
38.5%
Song (with Anna)
For The First Time In Forever
38.1%
Hint
Answer
% Correct
Song (with Queen Iduna)
Show Yourself
35.3%
Holiday Short Film
Olaf's Frozen Adventure
32.5%
Video Game Franchise
Kingdom Hearts
31.7%
Current Occupation
Protector
30.6%
Home (Temporary Exile)
The Ice Palace
28.6%
Casual clothes colors (RBtI)
Blue & Black
27.8%
Quote (Song Lyrics)
The cold never bothered me anyway.
25%
Video Game App
Disney Magic Kingdoms
24.2%
Quote
I woke the magical spirits of the Enchanted Forest.
21.8%
What else is Elsa?
The Fifth Spirit
21.4%
What spirit does she face in the ocean and later becomes her noble steed?
The Nokk
19.8%
Song (Frozen Fever)
Making Today a Perfect Day
19.4%
Quote
I have my powers to protect me.
17.9%
Song (with Anna)
When We're Together
13.9%
Where does she go to seek answers to past
Ahtohallan
13.1%
Song (with Anna & Olaf)
Ring in the Season
11.5%
Disney Parks Attraction
Frozen Ever After
10.3%
Video Game App
Frozen Free Fall
9.5%
Video Game App
Frozen Adventures
5.6%
Video Game
Disney Infinity
4.5%
Quote (Ralph Breaks the Internet)
Any friend of Vanellope's is a friend of ours.
4%
Video Game App
Frozen Free Fall Icy Shot
4%
Video Game App
Disney Mirrorverse
3.3%
Video Game App
Disney Sorcerer's Arena
3.1%
Disney Parks Show
A Frozen Sing-Along Celebration
3%
Disney Parks Show
Mickey's Royal Friendship Faire
3%
Quiz Playlist
Details
Report
Send in Message
Add To Playlist
More Info:
Name the facts of Disney Heroine, Elsa, from Frozen.
Classic:
Type in answers that appear in a list
Last Updated: Apr 4, 2020
Quiz Scoreboard
CHALLENGE
Sign Up to Join the Scoreboard
Show All
Scores
Hide
Comments
May contain spoilers
Recently Published
Presidents Visiting Landmarks
by Hejman
History
7m
An Introduction to Baseball
by treessimontrees
Sports
5m
Movies - When Are They Set?
by FPL_Elf
Movies
5m
More to Explore
Quiz From the Vault
Featured Blog Post
Where Did the Easter Bunny Come From?
hide this ad
You Might Also Like...
Tags
Disney Quiz
Classic Disney
Disney Characters
Frozen
Today's Top Quizzes in Movies
Browse Movies
hide this ad
Today's Top Quizzes in Disney
Browse Disney
Top Contributed Quizzes in Movies
1
Pick 5 Posters: Directed by Spielberg
2
7-to-1: Pixar Characters
3
Pick 5 Posters: Lowest-Rated Spielberg
4
Pick 5 Posters: Directed by Scorsese
5
Sorting Actors
6
Sorting Actresses
7
Pick 5 Posters: Star & Director
8
Pick 5 Posters: Women Directed 2020s
9
12 Movies about Fictional 1960s Events
10
Multi-Oscar Nominations, One Movie, One Winner
Explore More
Trending Topics
Anime
NBA
Disney
Marvel
Kpop
Crossword
Harry Potter
WWE
Soccer
Country
Pokémon
Puzzle
Song
The Office
NFL
hide this ad
More By:
trainman95
Quiz
Plays
Rating
Category
Featured
Created
HTTYD Character Profile: Toothless
1,068
3.50
Movies
Sep 11, 2019
HTTYD Character Profile: Hiccup
718
3.33
Movies
Sep 11, 2019
Disney Movie Scores Quiz (Audio)
701
3.67
Movies
Nov 25, 2022
Disney Live-Action Remake Casts
540
5.00
Movies
Jun 9, 2019
How to Train Your Dragon Franchise Characters
510
Movies
May 31, 2019
Go to Creator's Profile
Score Distribution
Quiz Creator Spotlight
trainman95
Follow
Send a Message
Quizzes Created
-
Created Quiz Play Count
-
More By This Creator
Popular Quizzes Today
1
Find the US States - No Outlines Minefield
2
Find the Countries of Europe - No Outlines Minefield
3
The Countries of the World
4
Find the US States
5
Popular People in 1961
6
US States
7
Risky Map Clicking: Biggest States A-Z
8
Movies - When Are They Set?
More Movies Quizzes
Actors to Badly Drawn Movie (2010s)
Published
Trending Quizzes
Risky Map Clicking: Least Populous States A-Z
1-10 Letter G Words
1-10 Letter F Words
Risky Map Clicking: Next State Alphabetically
Risky Map Clicking: Biggest States A-Z
Recently Updated
Leaping Animals
pecheneg
Reality TV Shows (A-Z)
bhenderson79
Rickey Henderson's Hall of Fame Teammates
pecheneg
Champions League XIs: Arsenal
pecheneg
Quick Pick: Celebrities in WWE's Hall of Fame
aduchscher
A-Z Keypad Blitz II
pecheneg
Multiple Oscar Actors
pecheneg
Mystery Phrase Blitz: Oscar 'Best Actors'
pecheneg
F. Scott Fitzgerald Novels
LTH
Pick 3 Villains
ddd62291
Trending Topics
NBA
Harry Potter
Crossword
Marvel
Anime
Disney
Kpop
Song
Country
Puzzle
WWE
The Office
Soccer
Pokémon
NFL
Your Account Isn't Verified!
In order to create a playlist on Sporcle, you need to verify the email address you used during registration. Go to your
Sporcle Settings
to finish the process.
Report this User
Report this user for behavior that violates our
Community Guidelines
.
Details:
Send Report
Go to the Sporcle.com Mobile Site →
Comments